000 00938cad a22002055a 4500
001 L150123
008 100604s20100604xxk f 000 0 eng d
035 _a(Sirsi) u150123
041 0 _aeng
050 0 4 _a333.33 $2 18
110 2 _aLloyds Banking Group
_95822
245 0 0 _aHalifax House Price Index
_bMay 2010
_h[electronic resource]
260 _aLondon
_bLloydsbankinggroup
_c2010
520 _aUnited Kingdom house prices fell by 0.4% in May 2010 following a 0.1% fall in April. House prices in May 2010 6.% higher than in May 2009. Mixed pattern of monthly price rises and falls so far in 2010 consistent with a slowing market.
590 _aKA
651 4 _aUnited Kingdom
_y
690 _aPROPERTY-RESIDENTIAL PROPERTY-RESIDENTIAL PROPERTY MARKET
856 4 8 _uhttps://www.lloydsbankinggroup.com/media/pdfs/research/2010/HousePriceIndexMay2010.pdf
_zView this item free of charge at www.lloydsbankinggroup.com
942 _n0
999 _c110738
_d110738